Spot the hidden countries - Statistics

General Stats
  • This quiz has been taken 10 times
  • The average score is 8 of 9
Answer Stats
Clue Answer % Correct
Franc emailed the parents. France
100%
There is a spa in the mall. Spain
100%
We like to go to the park. Togo
100%
We can eat breakfast and lunch in a fine palace. China/Nepal
89%
My friend cut through an apple to eat for snack. Ghana
89%
I ran around my neighborhood. Iran
89%
I’ve never been to the Roman Empire. Oman
89%
My rings are made in diamonds. India
78%
Let’s hope running the air conditioner is safer than keeping it off. Peru
78%
No matching quizzes found
Score Distribution
Percent of People with Each Score
Percentile by Number Answered
Your Score History
You have not taken this quiz